Państwa z największą liczbą jezior powyżej 100 km² - Statystyki

Ogólne statystyki
  • Ten quiz został rozwiązany 4 273 razy
  • Średni wynik to 11 z 13
Statystyki odpowiedzi
Liczba
jezior
Państwo % Poprawnych
134 Rosja
99%
325 Kanada
98%
110 Stany Zjednoczone
98%
96 Chiny
94%
23 Brazylia
90%
10 Indie
84%
13 Argentyna
80%
45 Finlandia
80%
29 Szwecja
79%
11 Meksyk
76%
29 Australia
73%
28 Kazachstan
66%
11 Mongolia
56%
Nie znaleziono quizów pasujących do podanych kryteriów
Rozkład punktacji
Procent ludzi z każdym wynikiem
Percentyl według liczby udzielonych odpowiedzi
Twoja historia wyników
Nie rozwiązałeś tego quizu